000 00552nam a2200169 i 4500
001 83022
003 ES-MaACL
005 20230906174751.0
007 t|
008 041115s1986 sp s ||||1| spa d
020 _a84-260-1353-8
245 0 0 _aContabilidad nacional de España
_b: base, 1980 : cuentas nacionales y tabla input-output /
_cInstituto Nacional de Estadística.
260 _aMadrid :
_bINE,
_c1986.
300 _a488 p. ;
_c30 cm.
710 2 _aInstituto Nacional de Estadística (España)
_95162
852 _aES-MaACL
_jL-9443
_bR.111575
999 _c83022
_d83022